1448 1334 1752 1096 1401 1305 1340 1007 1658 1613 1080 1094 1164 1298 1159 1040 1586 1342 1784 1334 1178 1432 1102 1571 1970 1277 1559 1487 1620 1828 1088 1387 1243 1010 1167 1211 1984 1865 1082 1846 1619 1102 1495 1902 1374 1895 1598 1136 1010 1867 1492 1523 1722 1561 1824 1856 1531 1620 1548 1141 1251 1384 1318 1689 1667 1506 1635 1634 1417 1160 1603 1682 1976 1159 1824 1445 1337 1924 1349 1984 1169 1174 1518 1160 1004 1174 1338 1740 1159 1836 1200 1058 1110 1193 1594 1476 1667 1567 1459 BCNSPRNW ULIB Ver.6.0+V

เปลี่ยนเป็นภาษาไทย

Change to English
 แสดงรายละเอียดบรรณานุกรม
  กลับหน้าหลัก

Brief Record : Get Marc (ISO 2709) : E-mail record : QR code < ปิดหน้าต่าง
LEADER : 00000nam 2200000uu 4500
001    13399121385
003     ULIB
008    121116s2550||||th 000 0 tha d
020    ^a9789741312306
050 04 ^aQA76.76^bส253ก
100 0  ^aสมนึก อำรุงสกุลรัฐ
245 10 ^aกำจัดไวรัสง่าย ๆ ด้วยฟรีโปรแกรม Antivirus & spyware /^cสมนึก อำรุงสกุลรัฐ
260    ^aกรุงเทพฯ :^bสวัสดี ไอที,^c2550
300    ^a230 หน้า :^bภาพประกอบ ;^c21 ซม
505 2  ^aแนะนำตัวไวรัส วายร้าย -- ประเภทของไวรัส -- ชื่อ (ไวรัส)สำคัญไฉน --ไวรัส (Virus), สปายแวร์ (Spyware), สแปมเมล (Spammail) -- Adware -- อันตรายในรูปแบบ Phishing และ Pharming -- ที่มาที่ไปของไวรัส -- จับผิดไวรัส -- ลบทุกอย่างที่ขวางหน้า (ไฟล์ขยะ) -- สแกนสื่อทุกอย่างก่อนใช้งาน -- หลีกเลี่ยงการเข้าเว็บเสี่ยงอันตราย -- หลีกเลี่ยงการเปิดไฟล์จากเมลที่ไม่รู้จัก -- อัพเดทโปรแกรมให้ทันสมัย -- ติดตั้งและสแกนด้วยโปรแกรมกำจัดไวรัสอย่างสม่ำเสมอ -- โปรแกรมกำจัดไวรัสแบบฟรี มีจริงหรือไม่ -- คู่มือการใช้โปรแกรม AVG Anti-Virus Free Edition 7.5 -- คู่มือการใช้โปรแกรม avast 4 Home Edition -- คู่มือการใช้โปรแกรม Bitdefender Free Edition v10 --คู่มือการใช้โปรแกรม Clamwin Free Anti-Virus -- คู่มือการใช้โปรแกรมAd-Aware 2007 Free Edition -- คู่มือการใช้โปรแกรม PC Tools Spyware Doctor Starter Edition -- คู่มือการใช้โปรแกรม Spybot Search & Destroy 1.51 -- คู่มือการใช้โปรแกรม Windows Defender -- เว็บไซต์เจ้าของโปรแกรมกำจัดไวรัส
650  7 ^aไวรัสคอมพิวเตอร์
945    ^p149^l0^i16681
995    ^aวิภา
999 ^a ทศพร
รายการนี้ยังไม่มีแท็ก
คุณยังไม่ได้ล็อกอิน คุณสามารถมีกิจกรรมร่วมกับเว็บไซต์ได้ แต่ต้องล็อกอินก่อน ::
  ล็อกอิน

รายการสื่อสารสนเทศ

ลำดับที่ ประเภท เลขเรียก/บาร์โค้ด สถานที่ สถานะ
1. วิทยาศาสตร์การแพทย์ และสุขภาพ
วิทยาศาสตร์การแพทย์ และสุขภาพ
QA76.76 ส253ก  
  Barcode: 16681
ห้องสมุดวิทยาเขตสวรรค์ประชารักษ์
►หนังสือทั่วไป
บนชั้น

รายการใกล้เคียง
    ผู้แต่ง [สมนึก อำรุงสกุลรัฐ]

    หัวเรื่อง [ไวรัสคอมพิวเตอร์]

BibComment


ยังไม่เคยถูกคอมเมนท์

คอมเมนท์ทรัพยากรรายการนี้
  คอมเมนท์: กำจัดไวรัสง่าย ๆ..


 Copyright 2026. Bcnsprnw @Library